LEADER 01015nam2 22002651i 450 001 RML0289896 005 20231121125735.0 100 $a20121121d1988 ||||0itac50 ba 101 | $afre 102 $afr 181 1$6z01$ai $bxxxe 182 1$6z01$an 200 1 $a˜2.: œPlanches$fJean Claude Golvin 210 $aParis $cDiffusion de Boccard $d1988 215 $a1 cartella (9 p., 71 tav.)$d32 cm 461 1$1001UFI0026397$12001 $a˜L'œamphitheatre romain$eessai sur la theorisation de sa forme et de ses fonctions $fJean Claude Golvin 700 1$aGolvin$b, Jean Claude$3RMLV187398$0320006 801 3$aIT$bIT-01$c20121121 850 $aIT-FR0017 899 $aBiblioteca umanistica Giorgio Aprea$bFR0017 912 $aRML0289896 950 2$aBiblioteca umanistica Giorgio Aprea$d 52CIS 7/1116.2$e 52VM 0000593225 VM barcode:00046839. - Inventario: FLSVM$fA $h20060118$i20121204 977 $a 52 996 $aPlanches$93627852 997 $aUNICAS